Пол как исток жизни: В. В. Розанов, Л. Н. Толстой, М. И. Цветаева; Известия Томского политехнического университета [Известия ТПУ]; Т. 311, № 7 : Философия, социология и культурология

Sonraí bibleagrafaíochta
Parent link:Известия Томского политехнического университета [Известия ТПУ]/ Томский политехнический университет (ТПУ).— , 2000-
Т. 311, № 7 : Философия, социология и культурология.— 2007.— [С. 98-103]
Príomhchruthaitheoir: Брылина И. В. Ирина Владимировна
Achoimre:Заглавие с титульного листа
Электронная версия печатной публикации
Анализируется проблема пола как феномена культуры в целом, и рассматривается одна из теорий пола ("детородильная религия" В.В. Розанова), сложившаяся в русской философии конца XIX - начала ХХ вв. и созвучные ей взгляды в художественной литературе (Л.Н. Толстой, М.И. Цветаева, акмеизм). Пол рассматривается как исток жизни в связи с феноменами любви, семьи, брака, развода, деторождения, аскетизма, целомудрия и бессмертия.
Teanga:Rúisis
Foilsithe / Cruthaithe: 2007
Sraith:Философия, социология и культурология
Ábhair:
Rochtain ar líne:http://www.lib.tpu.ru/fulltext/v/Bulletin_TPU/2007/v311/i7/21.pdf
Formáid: Leictreonach Caibidil leabhair
KOHA link:https://koha.lib.tpu.ru/cgi-bin/koha/opac-detail.pl?biblionumber=172848

MARC

LEADER 00000nla2a2200000 4500
001 172848
005 20240125111136.0
035 |a (RuTPU)RU\TPU\book\187456 
035 |a RU\TPU\book\187455 
090 |a 172848 
100 |a 20091216d2007 k y0rusy50 ca 
101 0 |a rus 
102 |a RU 
135 |a drnn ---uucaa 
181 0 |a i  
182 0 |a b 
200 1 |a Пол как исток жизни: В. В. Розанов, Л. Н. Толстой, М. И. Цветаева   |f И. В. Брылина 
203 |a Текст  |c электронный 
215 |a 1 файл (143 Кб) 
225 1 |a Философия, социология и культурология 
300 |a Заглавие с титульного листа 
300 |a Электронная версия печатной публикации 
320 |a [Библиогр.: с. 103 (6 назв.)] 
330 |a Анализируется проблема пола как феномена культуры в целом, и рассматривается одна из теорий пола ("детородильная религия" В.В. Розанова), сложившаяся в русской философии конца XIX - начала ХХ вв. и созвучные ей взгляды в художественной литературе (Л.Н. Толстой, М.И. Цветаева, акмеизм). Пол рассматривается как исток жизни в связи с феноменами любви, семьи, брака, развода, деторождения, аскетизма, целомудрия и бессмертия. 
337 |a Adobe Reader 
461 1 |0 (RuTPU)RU\TPU\book\176237  |t Известия Томского политехнического университета [Известия ТПУ]  |f Томский политехнический университет (ТПУ)  |d 2000- 
463 1 |0 (RuTPU)RU\TPU\book\187385  |t Т. 311, № 7 : Философия, социология и культурология  |v [С. 98-103]  |d 2007  |p 178 с. 
610 1 |a пол 
610 1 |a жизнь 
610 1 |a культура 
610 1 |a русская философия 
610 1 |a художественная литература 
610 1 |a акмеизм 
610 1 |a любовь 
610 1 |a семья 
610 1 |a брак 
610 1 |a развод 
610 1 |a деторождение 
610 1 |a аскетизм 
610 1 |a целомудрие 
610 1 |a бессмертие 
610 1 |a труды учёных ТПУ 
610 1 |a электронный ресурс 
700 1 |a Брылина  |b И. В.  |c философ  |c доцент Томского политехнического университета, доктор философских наук  |f 1967-  |g Ирина Владимировна  |3 (RuTPU)RU\TPU\pers\24728  |9 10969 
801 1 |a RU  |b 63413507  |c 20090623  |g PSBO 
801 2 |a RU  |b 63413507  |c 20211118  |g PSBO 
856 4 |u http://www.lib.tpu.ru/fulltext/v/Bulletin_TPU/2007/v311/i7/21.pdf 
942 |c CF